| 000 | 00703nam a2200265Ia 4500 | ||
|---|---|---|---|
| 005 | 20250425161856.0 | ||
| 008 | 250425s9999 xx 000 0 und d | ||
| 041 | _aspa | ||
| 043 | _aec | ||
| 082 | _a338.09866 | ||
| 100 | _aCRUZ, VICTOR | ||
| 245 | 0 | _aLA INNOVACION TECNOLOGICA EN LA INDUSTRIA ECUATORIANA | |
| 250 | _a1A ED. | ||
| 260 |
_aEcuador _bILDIS _c1993 |
||
| 260 | _aS.L. | ||
| 300 | _a119 | ||
| 650 | _aDESARROLLO TECNOLOGICO | ||
| 650 | _aEMPRESAS | ||
| 650 | _aESTRATEGIAS DE DESARROLLO | ||
| 650 | _aINDUSTRIA ECUATORIANA | ||
| 650 | _aINNOVACIONES TECNOLOGICAS | ||
| 710 | _aILDIS INSTITUTO LATINOAMERICANO DE INVESTIGACION SOCIAL | ||
| 942 | _c01 | ||
| 010 | _a33315 | ||
| 999 |
_c217931 _d217931 |
||